MARC details
| 000 -LEADER |
| fixed length control field |
01552nam a2200433 a 4500 |
| 001 - CONTROL NUMBER |
| control field |
vtls000013507 |
| 003 - CONTROL NUMBER IDENTIFIER |
| control field |
NLI |
| 005 - DATE AND TIME OF LATEST TRANSACTION |
| control field |
20210601181534.0 |
| 008 - FIXED-LENGTH DATA ELEMENTS--GENERAL INFORMATION |
| fixed length control field |
101125s1990 ii ab 00 0 eng |
| 020 ## - INTERNATIONAL STANDARD BOOK NUMBER |
| International Standard Book Number |
8190006169 |
| Terms of availability |
Rs. 150.00 |
| 039 #9 - LEVEL OF BIBLIOGRAPHIC CONTROL AND CODING DETAIL [OBSOLETE] |
| -- |
201011250106 |
| -- |
VLOAD |
| 040 0# - CATALOGING SOURCE |
| Original cataloging agency |
NLI |
| Language of cataloging |
eng |
| Transcribing agency |
VERGIS-2003 |
| 041 0# - LANGUAGE CODE |
| Language code of text/sound track or separate title |
eng |
| 044 ## - COUNTRY OF PUBLISHING/PRODUCING ENTITY CODE |
| MARC country code |
ii |
| 082 04 - DEWEY DECIMAL CLASSIFICATION NUMBER |
| Classification number |
627.80954 |
| 100 1# - MAIN ENTRY--PERSONAL NAME |
| Personal name |
Paranjpye, Vijay |
| 9 (RLIN) |
51896 |
| 245 10 - TITLE STATEMENT |
| Title |
High dams on the Narmada: |
| Remainder of title |
a holistic analysis of the river valley projects/ |
| Statement of responsibility, etc. |
Vijay Paranjpye; edited by N.D. Jayal |
| 260 ## - PUBLICATION, DISTRIBUTION, ETC. |
| Place of publication, distribution, etc. |
New Delhi: |
| Name of publisher, distributor, etc. |
Indian National Trust for Art and Cultural Heritage, |
| Date of publication, distribution, etc. |
c1990 |
| 300 ## - PHYSICAL DESCRIPTION |
| Extent |
xxiii, 320 p.: |
| Other physical details |
col.ill., maps; |
| Dimensions |
22 cm. |
| 440 #0 - SERIES STATEMENT/ADDED ENTRY--TITLE |
| Title |
Studies in econlogy and sustainable development |
| Volume/sequential designation |
3 |
| 9 (RLIN) |
51897 |
| 504 ## - BIBLIOGRAPHY, ETC. NOTE |
| Bibliography, etc. note |
Includes bibliography: p. 312 - 320 |
| 650 #0 - SUBJECT ADDED ENTRY--TOPICAL TERM |
| Topical term or geographic name entry element |
River engineering |
| Geographic subdivision |
India |
| -- |
Gujarat |
| 9 (RLIN) |
51898 |
| 650 #0 - SUBJECT ADDED ENTRY--TOPICAL TERM |
| Topical term or geographic name entry element |
Dams |
| Geographic subdivision |
India |
| -- |
Gujarat |
| 9 (RLIN) |
51899 |
| 650 #0 - SUBJECT ADDED ENTRY--TOPICAL TERM |
| Topical term or geographic name entry element |
Diversion structures (Hydraulic engineering) |
| Geographic subdivision |
India |
| -- |
Gujarat (Narmada Valley project) |
| 9 (RLIN) |
51900 |
| 650 #0 - SUBJECT ADDED ENTRY--TOPICAL TERM |
| Topical term or geographic name entry element |
Water |
| General subdivision |
storage |
| 9 (RLIN) |
51901 |
| 650 #0 - SUBJECT ADDED ENTRY--TOPICAL TERM |
| Topical term or geographic name entry element |
Valley plants |
| Geographic subdivision |
India |
| General subdivision |
Economic aspects |
| 9 (RLIN) |
51902 |
| 650 #0 - SUBJECT ADDED ENTRY--TOPICAL TERM |
| Topical term or geographic name entry element |
Irrigation |
| Geographic subdivision |
India |
| 650 30 - SUBJECT ADDED ENTRY--TOPICAL TERM |
| Topical term or geographic name entry element |
Economic Development Progress |
| Geographic subdivision |
India |
| 9 (RLIN) |
51903 |
| 700 1# - ADDED ENTRY--PERSONAL NAME |
| Personal name |
Jayal, N.D., |
| Relationship |
edt |
| 9 (RLIN) |
51904 |
| 887 ## - NON-MARC INFORMATION FIELD |
| Content of non-MARC field |
S. Chithiraivel |
| 901 ## - LOCAL DATA ELEMENT A, LDA (RLIN) |
| a |
DB 58806 |
| b |
07/02/1991 |
| 902 ## - LOCAL DATA ELEMENT B, LDB (RLIN) |
| a |
E 627.80954 P 212 |
| 903 ## - LOCAL DATA ELEMENT C, LDC (RLIN) |
| a |
03/03/2004 |
| 904 ## - LOCAL DATA ELEMENT D, LDD (RLIN) |
| a |
S. Chithiraivel |
| 906 ## - LOCAL DATA ELEMENT F, LDF (RLIN) |
| a |
012425 |
| 949 ## - LOCAL PROCESSING INFORMATION (OCLC) |
| -- |
VIRTUAITEM |
| -- |
10000 |
| -- |
1 |
| -- |
100 |
| 6 |
DBA000058806ENG |
| a |
E 627.80954 P212 |
| 942 ## - ADDED ENTRY ELEMENTS (KOHA) |
| Source of classification or shelving scheme |
Dewey Decimal Classification |
| Koha item type |
Books |